First biennial report of the progress of the Geological survey of Michigan, (Record no. 24417)

MARC details
000 -LEADER
fixed length control field 00902nam a22002411 4500
001 - CONTROL NUMBER
control field gs 06000368
003 - CONTROL NUMBER IDENTIFIER
control field DLC
005 - DATE AND TIME OF LATEST TRANSACTION
control field 20260227111303.0
008 - FIXED-LENGTH DATA ELEMENTS--GENERAL INFORMATION
fixed length control field 900502s1861 miu s00010 eng c
010 ## - LIBRARY OF CONGRESS CONTROL NUMBER
LC control number gs 06000368 //r90
040 ## - CATALOGING SOURCE
Original cataloging agency U.S. Geol. Survey Libr./ICU
Transcribing agency ICU
043 ## - GEOGRAPHIC AREA CODE
Geographic area code n-us-mi
050 00 - LIBRARY OF CONGRESS CALL NUMBER
Classification number QE125
Item number .A11
110 10 - MAIN ENTRY--CORPORATE NAME
Corporate name or jurisdiction name as entry element Michigan.
Subordinate unit Geological Survey.
245 10 - TITLE STATEMENT
Title First biennial report of the progress of the Geological survey of Michigan,
Remainder of title embracing observations on the geology, zoölogy and botany of the lower peninsula.
Statement of responsibility, etc. Made to the governor, December 31, 1860 ...
260 0# - PUBLICATION, DISTRIBUTION, ETC.
Place of publication, distribution, etc. Lansing,
Name of publisher, distributor, etc. Hosmer & Kerr, printers to the state,
Date of publication, distribution, etc. 1861.
300 ## - PHYSICAL DESCRIPTION
Extent 339 p.
Dimensions 22 cm.
500 ## - GENERAL NOTE
General note Alexander Winchell, state geologist; M. Miles, state zoölogist.
500 ## - GENERAL NOTE
General note No more published.
650 #0 - SUBJECT ADDED ENTRY--TOPICAL TERM
Topical term or geographic name entry element Geology
Geographic subdivision Michigan.
650 #0 - SUBJECT ADDED ENTRY--TOPICAL TERM
Topical term or geographic name entry element Zoology
Geographic subdivision Michigan.
650 #0 - SUBJECT ADDED ENTRY--TOPICAL TERM
Topical term or geographic name entry element Botany
Geographic subdivision Michigan.

No items available.

Powered by Koha